000 00491pab a2200169 454500
008 180718b2013 xxu||||| |||| 00| 0 eng d
100 _aRoy, Tirthankar
245 _aBringing economics back in labour history: A study of the historical patterns of labour supply in India
260 _c2013
300 _ap.38-56.
362 _aJan-Mar
650 _aLabour supply - India
650 _aLabour supply
773 _aIndian Journal of Labour Economics
908 _aN
909 _a101778
999 _c101776
_d101776